[Event "Olympiad-43"]
[Site "Batumi"]
[Date "2018.09.28"]
[Round "5.1"]
[White "Aronian, Levon"]
[Black "Mamedyarov, Shakhriyar"]
[Result "0-1"]
[WhiteElo "2780"]
[BlackElo "2820"]
[Annotator "Ganguly, Surya Sekhar "]
[PlyCount "96"]
[EventDate "2018.09.24"]
[EventType "team-swiss"]
[EventRounds "11"]
[EventCountry "GEO"]
[SourceTitle "CBM 187"]
[Source "ChessBase"]
[SourceDate "2018.12.11"]
[SourceVersion "1"]
[SourceVersionDate "2018.12.11"]
[SourceQuality "1"]
[WhiteTeam "Armenia"]
[BlackTeam "Azerbaijan"]
[WhiteTeamCountry "ARM"]
[BlackTeamCountry "AZE"]

1. e4 {Levon recently started playing 1.e4 thus it was not surprising to see
him coming out with it in one of the most crucial games in the Olympiad.} e5 2.
Nf3 Nc6 3. Bb5 a6 4. Ba4 Nf6 5. O-O Nxe4 6. d4 Be7 $5 {This is an interesting
alternative to the main line b5. Piket has been playing this a lot and
recently it was played by Radjabov a few times. We can be assured about the
source/inspiration Mamedyarov got to enter this line.} (6... b5 {is far more
common} 7. Bb3 d5 8. dxe5 {would be the normal move order for the Open Ruy
Lopez.} Be6) 7. Re1 b5 8. Rxe4 {The most principled approach.} (8. Bb3 {
would transpose to the main Open Spanish but White makes a concession by
committing Re1; thus Black manages to bypass a number of critical systems.} d5
9. dxe5 Be6) 8... d5 9. Nxe5 Nxe5 10. Rxe5 bxa4 {The main tabiya of this line.
Radjabov had this position twice as Black and in both games b3 was played} 11.
Qe1 f6 12. Re3 $146 (12. Re2 {½-½ (22) Van Kampen,R (2637)-L'Ami,E (2630)
Netherlands 2014}) 12... c5 {played instantly} 13. Qd1 O-O {It was only here
that Mamedyarov started to consume more time} 14. Nc3 Rb8 (14... a3 $5 15. b3
cxd4 16. Qxd4 Bb7 {is doable but Mamedyarov was not really in a mood to play
like this after all.}) 15. b3 cxd4 {For his last two moves Mamedyarov thought
40 min. It was a very crucial moment as his next moves would change the nature
of the position drastically.} 16. Qxd4 Bd6 $5 {changing the course of the game
dynamically.} (16... axb3 17. axb3 Bb7 {Once again possible and could easily
be the best in computer or correspondence chess but clearly Mamedyarov didn't
want a position like this where White has zero risk. True to his style he
opted for the most aggressive way and got into a position which might be worse
but gives White much more difficult options to choose from.}) 17. Qxd5+ {
Or else Bd6 is totally justified} Kh8 18. Rd3 {Most natural once again} Qe8 19.
Bb2 {As of now White is a pawn up and the compensation for Black is not that
obvious} Be5 $1 {The most practical approach. By sacrificing the second pawn
Black makes sure that the knight goes out of play. It is of course also based
on heavy calculation and had tremendous practical value.} 20. Nxa4 Rb5 {
According to the computer White is outright winning. During the game such
things make very little impact. Right now, White has two obvious moves Qf3 and
Qc4 and the important thing is to make the correct decision.} 21. Qf3 $6 {
Still fine according to the computer world but I am certain that had Levon
spotted Mamedyarov's upcoming piece sacrifice then he would not have opted for
this.} (21. Qc4 {This actually made a lot more sense as here the tempo would
come from e6 and from that diagonal the black bishop doesn't look so
threatening as compared with b7.} Be6 22. Qh4 Bc7 {[%cal Gb5h5]} 23. g3 $16 {
with the bishop on e6 White gets ample time to consolidate.}) 21... Bb7 22. Qe3
Be4 $3 {With a very deep idea in mind.} (22... Bxg2 $2 {This is however
premature.} 23. Kxg2 Qg6+ 24. Kf1 Bxh2 25. Re1 Rg5 26. Ke2 Re8 27. Kd2 {
The difference! It is astonishing to see the precision of Mamedyarov's
calculation in such a complex position. Why is the king better placed on d2
than d1? We will see that soon as it occurred in the game.}) 23. Rd2 (23. Bxe5
{this could have led to a draw.} Rxe5 (23... Bxd3 24. Bd6 Qxe3 25. fxe3 Rd8 26.
cxd3 Rxd6 27. Rc1) 24. f4 Re7 25. Re1 Rff7 26. Qxe4 Rxe4 27. Rxe4 Re7 28. Rxe7
Qxe7 {should be about equal}) 23... Bxg2 $1 {The sacrifice only works now with
the rook placed on d2.} 24. Kxg2 $6 (24. f4 $1 {Apparently White is still
clearly better here according to the computer, but that really doesn't count
during a tournament game. It is immensely difficult to make the right call
specially in such wild positions with an open king.} Ba8 $1 {Not a good move
says the machine but clearly any human would go for this rather than getting
into some depressing endgame.} (24... Bxb2 {The computers say this is Black's
best move but I am ready to bet any amount that this was not the move which
bothered Levon.} 25. Qxe8 Rxe8 26. Nxb2 $16) 25. fxe5 Qc6 {Would someone get
into this position as White thinking he is winning unless he knows that the
computer says this is winning? If Levon got this position as a problem and not
during the game then surely, he would find the best moves for the white side
but when one doesn't know whether this position is winning or not then things
get incredibly difficult.} 26. Qf4 $3 {[%csl Rf8,Gh2] The only move that keeps
the advantage. It stops both Qh1-K2-Qh2 and Qh1-Kf2-fe5} Rbb8 $5 {[%csl Gf8]
[%cal Gc6h1,Gf6e5]} (26... Rd5 27. Rad1) 27. exf6 Qh1+ 28. Kf2 Qg2+ 29. Ke3
Qh3+ 30. Qg3 Qe6+ (30... Rbe8+ 31. Kf2) 31. Be5 gxf6 32. Nc5 {and White is
winning. Once again…all these lines are very easy to create with computers 
(even there could be some mistakes!) but during a game things look totally
different.}) 24... Qg6+ 25. Kf1 Bxh2 26. Re1 (26. Nc5 {would lead to an equal
position but mostly Levon was ambitious here and most likely he missed Black's
28th move} Re8 27. Ne6 Qg1+ 28. Ke2 Qg4+ 29. f3 Qxe6 30. Qxe6 Rxe6+ 31. Kf1 $11
) 26... Rg5 27. Ke2 $2 {The final mistake!} (27. Nc3 {would still keep White
in the game}) 27... Re8 {Now it becomes clear why including Rd2 was important
when playing 23...Be4. White is forced to play Kd1 now...} 28. Kd1 Rg1 $1 {
Brilliant imagination by Mamedyarov who must have seen this from way back and
perhaps it was this move that Levon spotted a bit too late. Incredible bold
and imaginative play by Mamedyarov.} 29. Be5 (29. Qxe8+ Qxe8 {[%csl Rd1][%cal
Gg1d1] Hence the king should be on d1! The point of including Be4-Rd2 becomes
clear now.}) 29... Bxe5 {Now it gets technical.} 30. Rde2 h5 (30... Rd8+ 31.
Kc1 Qf5 {would have expedited things.}) 31. Qd3 Qg2 32. Nb6 Rxe1+ 33. Rxe1 Qxf2
34. Nd5 Rd8 35. c4 Qxa2 36. Qf3 g6 37. Re3 Kg7 38. Qh3 Qf2 39. Rd3 Qg1+ 40. Kc2
Qh2+ 41. Qxh2 Bxh2 42. Rh3 Be5 43. Kd3 a5 44. Ke4 Kf7 45. Kf3 Rh8 46. Kg2 g5
47. Ne3 Ke6 48. Kf1 f5 0-1

[Event "Bundesliga 1011"]
[Site "Germany"]
[Date "2011.02.05"]
[Round "8.1"]
[White "Gashimov, Vugar"]
[Black "Najer, Evgeniy"]
[Result "1-0"]
[WhiteElo "2719"]
[BlackElo "2657"]
[Annotator "Gashimov,V/Meyer,CD"]
[PlyCount "107"]
[EventDate "2010.10.09"]
[EventType "team-tourn"]
[EventRounds "15"]
[EventCountry "GER"]
[SourceTitle "CBM 141"]
[Source "ChessBase"]
[SourceDate "2011.03.17"]
[SourceVersion "1"]
[SourceVersionDate "2011.03.17"]
[SourceQuality "1"]
[WhiteTeam "Werder Bremen"]
[BlackTeam "Wattenscheid"]
[WhiteTeamCountry "GER"]
[BlackTeamCountry "GER"]

1. e4 e5 2. Nf3 Nc6 3. Bb5 a6 4. Ba4 Nf6 5. O-O Be7 6. d3 ({Früher wurde
unsere Partiestellung (nach 10.Be3) oft über die Zugfolge} 6. Re1 d6 (6... b5
$142) 7. c3 O-O 8. d4 Nd7 9. Be3 Bf6 {erreicht (Russische Variante / C87),
also mit einem Mehrtempo für Weiß gegenüber dem Text !?}) 6... d6 7. c3 {
"Anderssen-Angriff"} O-O 8. Re1 Nd7 ({Eine von Keres bevorzugte Fortsetzung.
Häufiger anzutreffen ist die bewährte Alternative} 8... b5 9. Bb3 (9. Bc2 d5)
9... Na5 10. Bc2 c5 {mit Übergang zu C90.}) 9. d4 Bf6 10. Be3 (10. Bc2 Nb6 11.
h3 Bd7 12. b3 exd4 13. cxd4 Nb4 14. Nc3 Nxc2 15. Qxc2 $14 {Shirov - Short, Dos
Hermanas 1997 (ECO/C5)}) 10... Nb6 (10... b5 11. Bc2 Bb7 (11... Nb6) 12. Nbd2
Re8 (12... exd4) 13. d5 Ne7 14. b3 c6 15. c4 g6 16. b4 Qb8 17. dxc6 Bxc6 18.
Rb1 Bg7 19. Bd3 h6 20. c5 $6 (20. Qb3 $13) 20... dxc5 21. bxc5 Qc7 22. Nf1 $2
f5 $17 23. Bc2 fxe4 (23... f4 $17) 24. N3d2 Nf6 $13 {/=, Svetushkin,D (2588) -
Harikrishna,P,(2673), Moscow 2007}) 11. Bxc6 $5 bxc6 12. Nbd2 a5 13. Qc2 a4 14.
dxe5 Bxe5 15. c4 Nd7 16. Nd4 (16. Nxe5 $1 dxe5 (16... Nxe5 17. f4 Ng4 18. Bd4
$36) 17. c5 $14 {Vugar Gashimov (VG)}) 16... Bb7 (16... c5 $1 17. Nb5 (17. Nc6
Qf6) 17... a3 18. Nxa3 Rxa3 19. bxa3 Bxa1 20. Rxa1 $11 {VG}) 17. Rad1 Bxd4 18.
Bxd4 c5 19. Bc3 Re8 (19... f5 $5 20. exf5 (20. e5 Qg5 $13) 20... Qg5 21. f3
Qxf5 22. Qxf5 Rxf5 23. Re7 Rf7 24. Rde1 $14 {VG}) 20. Nf1 f6 21. f3 Qe7 22. Ne3
Qf7 23. b3 axb3 24. axb3 Ne5 25. Nf5 Bc8 26. Ng3 Nc6 27. f4 Bb7 28. Re3 Re6 ({
"?!",} 28... Ra3 $5 {VG}) 29. Rf1 {"!", VG} Qe8 30. Qd1 {"!", VG} Ra2 31. Nh5 {
Den Brennpunkten g7/f6 gilt jetzt erhöhte Aufmerksamkeit!} Nd4 $4 ({Ein grober
Fehler; erforderlich war} 31... Kf8 $8 {, worauf Gashimov} 32. Rfe1 $40 {plante
} ({Nicht} 32. Rg3 {wegen} Re7 33. e5 (33. f5 Nd4 $13 {/=} (33... Rf7 $143 34.
Nf4 $1 Qxe4 $2 35. Ne6+ Kg8 36. Rf4 Qe2 37. Qxe2 Rxe2 38. Rfg4 $18)) 33... Nd4
(33... dxe5 $2 34. fxe5 Nxe5 35. Bxe5 Rxe5 36. Nxg7 $18) 34. Bxd4 cxd4 35. exf6
gxf6 36. Nxf6 Ree2 $1 37. Nxh7+ Kf7 (37... Ke7 $2 38. Re1 Kd8 (38... Rxe1+ 39.
Qxe1+ Kd8 40. Qxe8+ Kxe8 41. Kf1) 39. Rxe2 Rxe2 40. Kf1) 38. Ng5+ Kf8 39. Nh7+
$11 {mit Stellungswiederholung} (39. Nf3 $4 Bxf3))) 32. Bxd4 cxd4 33. Rg3 $16 {
(/+-) Zu allem Unglück muß Schwarz gleich seine Dame für Turm plus Läufer
hergeben und sein Heil in einem schlechten Endspiel suchen.} Qf7 (33... g6 $4
34. f5) 34. Rxg7+ Qxg7 35. Nxg7 Kxg7 36. Rf2 Rxf2 (36... Ra3 37. Qxd4 Rxe4 38.
Qc3 {und vermutlich +-}) 37. Kxf2 c5 $2 ({I} 37... Rxe4 {hätte zäheren
Widerstand geleistet, wenngleich am weißen Sieg wohl nichts geändert. Für
Endspiel-Fans hier ein paar interessante Beispiele:} 38. Qd2 {"!?", VG} (38.
Qg4+ $6 Kf8 39. Qf5 (39. Qd7 $2 d3 $1) 39... d3 40. Qxf6+ Ke8 41. Qh8+ Kd7 42.
Qxh7+ Kd8 43. Qh8+ Ke7 {und es nicht nicht zu sehen, wie Weiß weiterkommen
kann (=). Hier bildet der schwarze d-Bauer ein ausreichendes Gegengewicht}) (
38. Qf3 $5 Kf8 (38... f5 39. h3 (39. b4) 39... Kf6 40. g4 fxg4 41. hxg4 Kg7 42.
f5 h6 43. f6+ Kf7 44. b4 d3 (44... Bc6 45. b5 Bb7 46. Qf5 d3 47. Qd7+ Kxf6 48.
Qxc7 Re2+ 49. Kg3 $18) 45. Qxd3 Kxf6 46. Qf3+ Ke7 47. b5 Kd7 48. Qf5+ Re6 49.
Qh7+ Kc8 50. Qf7 Re4 51. Qf8+ Kd7 52. Qxh6 $18) (38... Kf7 39. Qh5+ Ke7 (39...
Kg7 40. Qb5 Bc8 41. Qb8 $18) 40. Qxh7+ Kd8 41. Qh8+ Kd7 42. Qg7+ Kc8 43. Qxf6
Bc6 (43... d3 $2 44. Qh8+ Kd7 45. Qh3+) 44. c5 d3 45. cxd6 d2 46. Qh8+ Kb7 47.
Qg7 $3 Kb6 48. Qa1 cxd6 49. f5 $18) (38... d3 39. Qxd3 Rxf4+ 40. Ke3 Re4+ (
40... Rh4 41. Qf5 Bxg2 42. Qd7+ Kg6 43. Qxc7 $18) 41. Qxe4 Bxe4 42. Kxe4 c6 43.
b4 $18) 39. b4 Ke7 40. b5 f5 41. Qg3 Kf7 42. h3 Re7 43. Qd3 Re4 44. Qa3 $1 Re7
(44... Rxf4+ 45. Kg3 Re4 46. Qa7 $18) 45. c5 Be4 46. cxd6 cxd6 47. Qxd6 $18 {
. Weiter könnte folgen:} d3 48. b6 h5 49. g3 Re6 50. Qb4 Re7 51. Ke3 Re6 52.
Kd2 Re7 53. Qd4 Re8 54. Qc4+ Kf6 55. Qc3+ Ke6 (55... Kg6 56. Qc7) 56. Qb3+ Kd6
57. Qb4+ Ke6 58. g4) 38... Kf7 (38... c5 $2 39. Qa5 $18) (38... Kg6 $6 39. f5+
$5 Kxf5 (39... Kg7 {CDM}) 40. Qa5+ c5 41. Qc7 Rf4+ 42. Kg1 Be4 43. g3 Rg4 44.
Qxd6 $18 {VG}) 39. b4 $1 (39. Qb4 $6 Bc6 40. Qa5 Re7 41. Qh5+ Kg7 42. Qd1 (42.
b4 $2 d3) 42... Re4) 39... h5 40. b5 c5 41. bxc6 $1 (41. Qa5 $2 d3) 41... Bxc6
42. Kg3 $1 Kg6 (42... Ke7 43. Qa5) (42... Bd7 43. Qb4 Ke7 44. c5) 43. Kh4 d5 (
43... Kf5 44. g3 Kg6 45. Qd3 Kg7 46. Qa3 Re2 47. h3 Re6 48. Qa7+ $18) (43...
Bd7 44. g3 Kg7 45. h3 Bf5 46. Qb4 $18) 44. c5 Bb5 45. h3 d3 46. c6 Re2 (46...
Bxc6 47. Qxd3 d4 48. Qc4 Be8 49. Qg8+ Kf5 50. g3 Bc6 51. Qc4 $18) 47. Qc3 Rc2
48. Qd4 f5 49. c7 d2 50. Qxd5 Ba4 51. g4 $18) ({II} 37... Bxe4 $2 {zu passiv}
38. Qxd4 c5 (38... Bg6 39. g4) 39. Qa1 $18 Bg6 (39... Kg6 40. g4) 40. Qa7+ Bf7
(40... Kg8 41. g4) 41. g4 Re4 42. Kf3 Re6 43. Qc7 {- /\f5, Qxd6 -} f5 44. gxf5
Rh6 45. Kg4 Rf6 (45... Rxh2 46. Qxd6 $18) 46. Qe7 h6 (46... Rh6 47. Qg5+) 47.
h3 $18) 38. Qg4+ {Die Dame dringt sofort verheerend ins schwarze Lager ein.}
Kf7 39. Qh3 $5 ({Noch zielstrebiger war} 39. Qh5+ Kg7 40. e5 $1 dxe5 (40... d3
41. Qg4+ Kf7 42. Qf5 d2 43. Qxh7+ Ke8 44. Ke2 $18) 41. Qg4+ Kf7 42. Qf5 $1 $18)
39... Bxe4 40. f5 Re5 41. Qxh7+ Ke8 42. g4 Bc2 ({Oder z.B.} 42... d3 43. Qh6
Bc6 44. Qxf6 Re2+ 45. Kg3 Kd7 46. Qg7+ Kc8 47. Qg6 Kd7 48. f6 d2 49. Qh7+ Kc8
50. Qd3 Rg2+ 51. Kh3 Kd7 52. f7 Ke7 53. Qf5 Kf8 54. Qg6 $18 {VG}) 43. Qc7 d3
44. Qxd6 Re2+ 45. Kf1 Re7 46. Qb8+ Kd7 47. Qb7+ Kd8 48. Qa8+ Kd7 49. Qd5+ Ke8
50. g5 $1 fxg5 51. f6 Re2 52. Qg8+ Kd7 53. Qh7+ Ke6 54. f7 1-0

[Event "Lvov Cup of Galychina"]
[Site "Lvov"]
[Date "2001.12.22"]
[Round "4"]
[White "Kazakov, Mikhail"]
[Black "Golod, Vitali"]
[Result "0-1"]
[WhiteElo "2473"]
[BlackElo "2517"]
[Annotator "Golod,V"]
[PlyCount "122"]
[EventDate "2001.12.18"]
[EventType "tourn"]
[EventRounds "11"]
[EventCountry "UKR"]
[EventCategory "11"]
[SourceTitle "CBM 087"]
[Source "ChessBase"]
[SourceDate "2002.03.21"]
[SourceVersion "1"]
[SourceVersionDate "2002.03.21"]
[SourceQuality "1"]

{I am familiar with Misha Kozakov already more than 20 years.Our games always
pass in sharp and interesting struggle. Did not become exception and this game!
} 1. e4 e5 2. Nf3 Nc6 3. Bb5 a6 4. Ba4 Nf6 5. d3 {Misha did not want to play
open variant of the Spanish party.} d6 6. O-O $6 {[%mdl 4]} ({More logically,
from my point of view,to keep the bishop:} 6. c3 $5 {(it's main line).You can
look my commented game: Cao Sang-Golod,V/Ohrid,2001/CBM 84(1-0)(40)}) 6... b5 {
I go on the most basic decision!} 7. Bb3 $140 Na5 {[%csl Rb3]} 8. Nc3 ({
Is a possible continuations of the play:} 8. Re1) (8. Be3) (8. c3) (8. Nbd2) (
8. Qe1) (8. Qe2) ({and} 8. Ne1) 8... Be7 {It is not necessary to hasten to
take away of the bishop "b3".} 9. Ne2 ({Impossibly:} 9. d4 $2 {in view of:}
exd4 10. Nxd4 $140 $2 c5 {[%csl Rb3][%cal Gc5c4]}) ({Also was checked in
practice:} 9. Bd2 $5) (9. h3 $5) ({and} 9. Qe2) 9... O-O {Besides,black has
three principales options:} (9... Bb7 $5 10. Ng3 O-O 11. Qe2 (11. Nf5 $5) 11...
Re8 12. Nf5 Nxb3 13. axb3 Bf8 14. Bg5 $11 {Burn,A-Schlechter,C/Ostende,1907(1/
2-1/2) (52)}) (9... c5 $5) ({and} 9... Nxb3) 10. Ng3 ({In my opinion,worse is:
} 10. Bd2 Nxb3 11. axb3 c5 12. Ng3 Qc7 13. Qe2 Re8 {=/=/+ Gunston,W-Teichmann,
R/London,1904 (0-1)(43)}) 10... Re8 {[%csl Yf8][%cal Ye7f8]} ({Other
possibilities are:} 10... c5 $5) (10... Ne8) (10... c6) ({and} 10... Kh8 {
with success were checked in practice.}) 11. Bd2 $5 $146 ({Was checked in the
previous games:} 11. Qe2 c5 12. Bd2 Bf8 (12... Nxb3 $142) 13. Bxa5 Qxa5 14. a4
b4 15. Ng5 Ra7 16. Nh5 Qd8 17. f4 $36 {Matanovic,A-Zuidema,C/Tel Aviv,1964(1-0)
(41)}) (11. c3) ({and} 11. Re1) 11... Nxb3 12. axb3 {[%mdl 16]} Bf8 $11 13. Qe2
c5 ({Can it was necessary to begin play at the centre:} 13... d5 $5 {[%csl Gd5,
Ge5]}) 14. c4 Bd7 ({It is doubtful to close game on the queen side:} 14... b4
15. Ne1 $13 {/\Nc2-e3 and f4.}) 15. Ne1 {[%cal Ge1c2,Gc2e3]} a5 {[%cal Ga5a4]}
16. Nc2 ({During a game I was afraid:} 16. f4 $5) 16... a4 17. bxa4 ({It
deserves attention:} 17. b4 {[%csl Yb4,Gb5,Yc4,Gc5]} Rc8 $13) 17... bxc4 18.
dxc4 Rxa4 19. Rad1 $6 {My rook now is located much more actively,than rook of
the opponent.} (19. Rxa4 $142 Bxa4 20. Ne3 $11) 19... Qb6 (19... Bg4 $143 20.
f3 $140 Be6 {[%csl Rc4]} 21. Ne3 Qb6 22. Bc3 Qb3 23. Ngf5 $11) 20. Bg5 $5 ({
Weakly:} 20. Bc3 {in view of:} Be6 21. Ne3 Qb3 $15 {[%csl Rc4]}) 20... Bg4 $1 {
The important intermediate move.Much worse at once:} (20... Be6 $2 21. Bxf6
Bxc4 22. Qg4 $14 {[%cal Gg3f5]}) ({Pretty dubiously:} 20... Qxb2 21. Bxf6 gxf6
22. Nh5 $40) 21. f3 $140 Be6 {[%csl Rc4,Ge2,Rf3][%cal Ge6c4]} 22. Ne3 ({
Now wrongly:} 22. Bxf6 $2 Bxc4 23. Qe3 Bxf1 24. Qg5 h6 25. Qg4 Bc4 $1 26. Bxg7
$140 Be6 27. Nf5 Bxf5 {[%csl Ga4,Rg4]} 28. Qxf5 Bxg7 $19) 22... Nd7 23. Nd5
Bxd5 ({Senselessly:} 23... Qb3 $6 {[%csl Rc4] because of:} 24. Rd3 Qb7 (24...
Qxc4 $4 25. b3 {[%csl Ra4,Rc4]}) 25. Qc2 Rea8 {=/=/+}) 24. cxd5 (24. Rxd5 $143
g6 $15 {[%csl Rb2,Rc4]}) 24... Rb8 25. Rf2 $1 {[%csl Rb2,Ye2,Yf2]} Rb4 26. Rd2
g6 {[%csl Yg6][%cal Yg6f5,Yg6h5]} 27. Rc2 Qb5 28. Qe1 $6 {White again
incorrectly evade from exchange.} (28. Qxb5 $142 R8xb5 29. Bc1 {[%csl Rb2,Yc1,
Yc2,Yf2] =/=/+}) 28... c4 $15 {[%cal Gd7c5,Gc5d3]} 29. Be3 $8 {[%csl Ye3]} Nc5
{[%cal Gc5d3]} 30. Bxc5 Qxc5 {[%csl Rg1][%cal Gb4b2]} 31. Qc1 {[%csl Rb2][%cal
Yc1b2,Yc1h6] Differently,my bishop will get on a /^ c1-h6.} h5 $1 {/\Kh7,Bh6}
32. Nf1 Kh7 33. g4 $1 {White are ready to block a diagonal c1-h6.} hxg4 34.
fxg4 Qd4 {[%csl Re4]} 35. Qe3 ({Badly:} 35. Rcd2 {because of:} Bh6 $1 (35...
Qxe4 $5 36. Rxf7+ Kg8 $17) 36. Rxd4 Bxc1 37. Rd1 (37. Rxf7+ $2 Kg8 38. Rd1 Kxf7
39. Rxc1 c3 $19 {[%csl Re4]}) 37... Bf4 $17 {[%csl Gf4]}) 35... R8b7 $6 ({
Can be recommended:} 35... Kg8 {[%csl Rf7][%cal Yg8f7]}) 36. g5 Kg8 {[%csl Rf7]
[%cal Yg8f7] Better late than never!} 37. Rfd2 Qxe3+ 38. Nxe3 c3 39. Rxc3 Rxe4
40. h3 $6 $138 (40. Kf1 $142 Be7 $15) 40... Be7 41. Rc8+ $2 {After this
mistake,I get a big advantage in the endgame.} (41. Rg2 $142 {=/+/-/+}) 41...
Kg7 42. Nc4 Rb4 $1 ({Much worse is:} 42... Bxg5 43. Nxd6 Bxd2 44. Nxb7 Rb4 45.
Nd6 Rxb2 46. Rc7 Be3+ 47. Kh1 Rf2 {=/+/-/+}) 43. Rc2 Rd4 44. Rc7 Bd8 $1 45. Rc6
(45. Rd7 $4 {is refuted by:} Rdxc4 46. Rf2 (46. Rxc4 $140 Bb6+ $1 $19) 46...
Bxg5 47. Rfxf7+ Kg8 48. Rg7+ Kf8 $19) (45. Rc8 $144 Bxg5 46. Nxd6 Rxd5 $19)
45... Bxg5 46. Nxd6 Rxd5 $19 47. Kg2 Be7 ({A little dubiously:} 47... Rbd4 48.
Nc4 $140 f5 {in view of:} 49. b4 e4 50. Ra2 {[%csl Rg7]} f4 $17) 48. Ne8+ Kf8
49. Nc7 (49. Rc8 $143 Rd8 50. Nd6 (50. Rxd8 $143 Bxd8 51. Nd6 Ke7 $19) 50...
Rxc8 51. Rxc8+ Kg7 52. Nc4 e4 $19) 49... Rd3 (49... Rd6 $142 {with idea to
exchange one rook.}) 50. Rf2 $1 Rf4 $6 {The wrong decision,a little bit
complicating realization of advantage.} (50... e4 $142 $1 51. Rxg6 $140 Bh4 {
[%csl Rf2,Rg6]} 52. Na6 Rbb3 $19) 51. Rxf4 exf4 52. Rc3 $1 {[]} f3+ ({Also it
deserves attention:} 52... Rd2+ 53. Kf3 Rxb2 (53... g5 $5) 54. Nd5 (54. Kxf4 $2
Bd6+ 55. Ke4 (55. Kg4 $2 Rg2+ 56. Kf3 (56. Kh4 Be7#) 56... Rg3+ {[%csl Rc3]}) (
55. Kf3 Rh2 $19 {[%csl Rh3]}) 55... Bxc7 56. Rxc7 Rb3 57. h4 Rb4+ 58. Ke5 Rxh4
59. Kf6 Rf4+ 60. Kg5 Rf5+ $19 61. Kh6 $140 Rh5#) 54... Bd6 55. Nxf4 {-/+/=/+})
53. Kf1 $8 ({Loses right away:} 53. Kg3 $4 Bh4+ $1 54. Kxh4 (54. Kh2 Rd2+ 55.
Kh1 Rd1+ 56. Kh2 f2 {[%cal Gf2f1]}) 54... Rxc3 55. bxc3 f2 {[%cal Gf2f1]})
53... Rd7 (53... Rxc3 $2 54. bxc3 Bh4 (54... Bc5 $143 55. Na6 Be3 56. Nb4 $11 {
[%cal Yb4c2,Yc2e1]}) 55. Nb5 {[%cal Gb5d4]} Ke7 56. Nd4 f2 57. Nf3 Bg3 58. Kg2
$15) 54. Na6 (54. Nb5 Rd5 $17 {[%csl Rf3][%cal Gd5f5,Yf5f3]}) 54... Rd6 55. Nc5
$2 ({More stubborn resistance after:} 55. Nc7 $17) 55... Rd1+ 56. Kf2 Rh1 $1 (
56... Bxc5+ $6 57. Rxc5 Rh1 58. b4 Rxh3 59. b5 Rh2+ 60. Kxf3 Rb2 61. Ke4 {
[%csl Rb2][%cal Ge4d4,Gd4c3] with good chance to draw.}) 57. Nd7+ $140 ({
Impossibly:} 57. b4 Bh4+ 58. Kxf3 (58. Ke3 f2 {[%cal Gf2f1]}) 58... Rxh3+ {
[%csl Rc3]}) 57... Ke8 58. Ne5 Bh4+ $1 59. Kxf3 $8 (59. Ke3 f2 {[%cal Gf2f1]})
59... Rxh3+ 60. Ke4 Rxc3 61. bxc3 Bf6 $1 {[%csl Rc3,Re5,Gf6] Final chord!} 0-1